Star Academy 2024-2025 : Performances en images - Statistiques

Statistiques générales
  • Ce quiz a été pris 545 fois
  • Le résultat moyen est 11 sur 20
Statistiques - réponses
Par images Réponse % Correct
Summer Body
87%
Casting
77%
All By Myself
74%
Sweet Dreams
68%
Single Ladies
65%
Nous
64%
Ma gueule
63%
Unholy
59%
Sos d'un terrien en détresse
58%
À Fleur de toi
57%
Le Chanteur
56%
Ne me quitte pas
56%
À ma place
52%
MASCULINITY
47%
I Am What I Am
46%
Femme Like U
34%
I Will Always Love You
34%
Eternal Flame
27%
Writing's on the Wall
27%
Heal
25%
Aucun quiz correspondant
Distribution des résultats
% des personnes avec chaque résultat
Percentile par nombre de réponses
Votre historique - résultats
Vous n’avez pas pris ce quiz